Statystyki dla Największe porty lotnicze

Kliknij tutaj aby rozwiązać quiz!

Ogólne statystyki

  • Ten quiz został rozwiązany 155 razy
  • Średni wynik to 7 z 15

Statystyki odpowiedzi

MiejsceOdpowiedź% Poprawnych
7.Londyn
88%
2.Pekin
86%
10.Paryż
81%
4.Los Angeles
78%
5.Tokio
76%
3.Dubaj
70%
14.Frankfurt
57%
1.Atlanta
53%
12.Nowe Delhi
45%
11.Amsterdam
39%
8.Hong Kong
33%
15.Dallas
12%
9.Szanghai
4%
6.Chichago
3%
13.Guangzhou
1%

Rozkład punktacji

Percentyl według liczby udzielonych odpowiedzi

Procent ludzi z każdym wynikiem

Twoja historia wyników

Nie rozwiązałeś tego quizu